| 000 | 00637nam a2200217Ia 4500 | ||
|---|---|---|---|
| 008 | 191130s2010##################000#0#eng## | ||
| 020 | _a9780141032368 | ||
| 040 |
_aACL _cACL |
||
| 082 | _a305 WIL | ||
| 100 | _aWilkinson, Richard | ||
| 245 |
_aThe spirit level : why equality is better for everyone _cRichard Wilkinson and Kate Pickett |
||
| 260 |
_aLondon _bPenguin Books _c2010 |
||
| 300 | _axvii, 374 p. : ill. ; 20 cm | ||
| 500 | _aIncludes index | ||
| 650 | _aEquality | ||
| 650 | _aSocial problems | ||
| 650 | _aSoziale Ungleichheit | ||
| 990 | _add091c9cac10000c70f76313180da5e8 | ||
| 991 | _a241480 | ||
| 999 |
_c71031 _d71031 |
||